Singers by Emojis - Statistics

General Stats
  • This quiz has been taken 558 times
  • The average score is 8 of 15
Answer Stats
Hint Answer % Correct
πŸ’΅ie πŸ‘lish Billie Eilish
96%
πŸ‘ŽπŸ° Bad Bunny
88%
Ed πŸ‘©πŸƒβ€β™€οΈ Ed Sheeran
83%
🐱y 🍐y Katy Perry
83%
πŸ§ƒπŸŒŽ Juice Wrld
76%
🧊🌢 Ice Spice
65%
🟫5️⃣ Maroon 5
53%
πŸƒi B Cardi B
50%
β›“πŸš¬πŸš¬ The Chainsmokers
48%
πŸ‘©πŸΌβ€πŸ€β€πŸ§‘πŸΏ πŸ‘„a Dua Lipa
28%
πŸ” πŸ• Snoop Dogg
27%
πŸ’— P!NK
26%
🐞🐞 The Beetles
17%
πŸ‘ΏπŸ”›a Madonna
16%
πŸ‘“ πŸΉπŸ¦“ Glass Animals
13%
No matching quizzes found
Score Distribution
Percent of People with Each Score
Percentile by Number Answered
Your Score History
You have not taken this quiz